[Event "Olympiad Women 2024"]
[Site "Budapest HUN"]
[Date "2024.09.12"]
[Round "2.72"]
[Board "2"]
[White "Ibtihal Osman"]
[Black "Henry, Zahidu"]
[Result "1-0"]
[WhiteElo "1626"]
[BlackElo "1450"]
[PlyCount "63"]
[EventDate "2024.09.11"]
[WhiteTeam "Sudan"]
[BlackTeam "Dominica"]
[WhiteTeamCountry "SUD"]

1. e4 c6 2. Nf3 d5 3. e5 Bg4 4. d4 e6 5. c3 c5 6. Be2 ({RR} 6. dxc5 Bxc5 7. Qa4+ Nc6 8. Qxg4 Nge7 9. Bd3 h5 10. Qg3 g6 11. Bg5 Qb6 12. b4 Bxb4 13. cxb4 Nxb4 14. Nfd2 Qd4 15. Bb5+ Nec6 16. Bxc6+ bxc6 17. Qc3 Qxc3 18. Nxc3 Nc2+ 19. Ke2 Nxa1 20. Rxa1 Kd7 {0-1 Yahi,M (1873)-Rangel,D (2193) Titled Tue 23rd Jul Late 2024 (10)}) 6... Nc6 7. Be3 Qb6 8. Qd2 f6 $146 ({RR} 8... Nge7 9. dxc5 Qc7 10. O-O Nf5 11. Bd4 Bxf3 12. Bxf3 Nxe5 13. Bxe5 Qxe5 14. Re1 Qc7 15. Bxd5 O-O-O 16. Bxe6+ fxe6 17. Qe2 Bxc5 18. Nd2 Rhe8 19. Rad1 Qf4 20. Nf3 Rxd1 21. Rxd1 g5 22. Qb5 Bxf2+ 23. Kxf2 {0-1 Eliezer,M-Diaz Franco,F (2078) Internet Section 08B g/8'+2" blitz 2004 (2)}) ({RR} 8... Bxf3 9. Bxf3 Rc8 10. O-O cxd4 11. cxd4 Nge7 12. Nc3 Nf5 13. Rfd1 Bb4 14. Rac1 O-O 15. Be2 Na5 16. g4 Nh4 17. f4 Nc4 18. Qe1 Nxe3 19. Qxh4 Nxd1 20. Rxd1 Bxc3 21. bxc3 Rxc3 22. f5 f6 23. fxe6 {0-1 Kamya,D (1703)-Gonza,S (2134) UGA-chT Kampala 2019 (1.3)}) 9. O-O Bxf3 10. Bxf3 fxe5 11. dxc5 Qc7 12. Bh5+ g6 13. Bg4 Qd7 14. f4 e4 15. Bd4 Bg7 16. Bxg7 Qxg7 17. Bxe6 Nge7 18. Na3 a6 19. Rad1 Qf6 20. Bxd5 Rd8 21. Bxc6+ Nxc6 22. Qe3 Qe7 23. Nc4 O-O 24. Nd6 Rd7 25. Qxe4 Qf6 26. g3 h6 27. Rfe1 Kg7 28. Ne8+ Rxe8 29. Rxd7+ Re7 30. Rxe7+ Kf8 31. Rxb7 Nd8 32. Qe8# 1-0

[Event "Olympiad Women 2024"]
[Site "Budapest HUN"]
[Date "2024.09.13"]
[Round "3.1"]
[Board "1"]
[White "Kosteniuk, Alexandra"]
[Black "Dronavalli, Harika"]
[Result "1-0"]
[WhiteElo "2483"]
[BlackElo "2502"]
[PlyCount "91"]
[EventDate "2024.09.11"]
[WhiteTeam "Switzerland"]
[BlackTeam "India"]
[WhiteTeamCountry "SUI"]
[BlackTeamCountry "IND"]

1. e4 e5 2. Nf3 Nc6 3. Bc4 Bc5 4. c3 Nf6 5. d3 d6 6. Nbd2 O-O 7. h3 a5 8. O-O h6 9. Re1 Be6 10. Bb5 Qb8 11. Nf1 Qa7 12. Re2 $146 ({RR} 12. d4 exd4 13. Bxc6 bxc6 14. cxd4 Bb6 15. Ng3 Rfe8 16. a4 Rab8 17. Ra3 Qa6 18. Bxh6 gxh6 19. Qd2 Kg7 20. Nh4 Rg8 21. d5 cxd5 22. exd5 Bxd5 23. Qc3 Bxf2+ 24. Kxf2 Qb6+ 25. Kf1 Kh7 26. Qxf6 Bc4+ {0-1 Gagare,S (2481)-Li,D (2562) Seville op 45th 2020 (8)}) ({RR} 12. Be3 Bxe3 13. Nxe3 Ne7 14. a4 Ng6 15. Qc2 c6 16. Bc4 d5 17. exd5 cxd5 18. Bb5 Qb8 19. Qe2 Nh5 20. g3 Bxh3 21. Nxd5 Qd6 22. c4 Bg4 23. Qe3 Bxf3 24. Qxf3 Nf6 25. Nxf6+ Qxf6 26. Qxf6 gxf6 {½-½ Friedland,M (2286)-Erenberg,A (2393) Jerusalem Japhet Memorial op 4th 2018 (7)}) 12... a4 13. Rc2 Qa5 14. Bxc6 bxc6 15. Bd2 Qa6 16. c4 Qc8 17. Be3 Bxe3 18. fxe3 c5 19. Ng3 Nh7 20. Kh2 Qd8 21. Rf2 g6 22. Ne2 c6 23. Nc3 Qa5 24. Rc1 Ra7 25. Kh1 Rb8 26. d4 exd4 27. exd4 Bxc4 28. dxc5 Qxc5 29. Rd2 Ng5 30. Nd4 Qb6 31. Nxa4 Qa6 32. b3 c5 33. Rxc4 cxd4 34. Rdxd4 Qb7 35. Nc3 Rc8 36. a4 Raa8 37. Nd5 Rc5 38. Nf6+ Kg7 39. Ng4 h5 40. Rxc5 dxc5 41. Rd7 Qc6 42. Qa1+ Kh7 43. Nf6+ Kh6 44. h4 Nxe4 45. Rxf7 Nxf6 46. Qc1+ 1-0

[Event "Olympiad Women 2024"]
[Site "Budapest HUN"]
[Date "2024.09.13"]
[Round "3.1"]
[Board "2"]
[White "Vaishali, Rameshbabu"]
[Black "Hakimifard, Ghazal"]
[Result "1-0"]
[WhiteElo "2498"]
[BlackElo "2192"]
[PlyCount "75"]
[EventDate "2024.09.11"]
[WhiteTeam "India"]
[BlackTeam "Switzerland"]
[WhiteTeamCountry "IND"]
[BlackTeamCountry "SUI"]

1. d4 Nf6 2. Bf4 d5 3. e3 e6 4. Nf3 Bd6 5. Ne5 O-O 6. Nd2 c5 7. c3 c4 8. h4 Qc7 9. h5 Nbd7 10. h6 g6 11. Ndf3 $146 ({RR} 11. Nxd7 Nxd7 12. Bxd6 Qxd6 13. b3 cxb3 14. axb3 b6 15. Bb5 a6 16. O-O Bb7 17. Bxd7 Qxd7 18. Nf3 Rac8 19. Ne5 Qe7 20. Qd2 Rc7 21. Nf3 Rfc8 22. Rfc1 Qf8 23. e4 dxe4 24. Ne5 f6 25. Ng4 f5 {1-0 Shoshin,K (2278)-Kotyk,M (2018) 23rd ch-EUR Indiv 2023 (2.196)}) 11... Ne4 12. Qc2 b5 13. Be2 a5 14. Nxd7 Bxd7 15. Bxd6 Qxd6 16. Nd2 Nxd2 17. Qxd2 e5 18. dxe5 Qxe5 19. f4 Qf6 20. Kf2 Rad8 21. Rad1 Bf5 22. Qd4 Qxd4 23. Rxd4 Rd7 24. Rhd1 Rfd8 25. R1d2 a4 26. Bf3 Be6 27. e4 dxe4 28. Rxd7 Rxd7 29. Rxd7 Bxd7 30. Bxe4 Kf8 31. Ke3 Ke7 32. Kd4 Kd6 33. Bd5 Ke7 34. Kc5 Kf6 35. Kd6 Bc8 36. Kc6 Kf5 37. Bxf7 Kxf4 38. Bxg6 1-0

[Event "Olympiad Women 2024"]
[Site "Budapest HUN"]
[Date "2024.09.13"]
[Round "3.1"]
[Board "3"]
[White "Hryzlova, Sofiia"]
[Black "Divya, Deshmukh"]
[Result "0-1"]
[WhiteElo "2188"]
[BlackElo "2483"]
[PlyCount "64"]
[EventDate "2024.09.11"]
[WhiteTeam "Switzerland"]
[BlackTeam "India"]
[WhiteTeamCountry "SUI"]
[BlackTeamCountry "IND"]

1. d4 Nf6 2. c4 e6 3. Nc3 Bb4 4. e3 c5 5. Nge2 d5 6. a3 Ba5 7. dxc5 dxc4 8. Qxd8+ Bxd8 ({RR} 8... Kxd8 9. Bd2 Nbd7 10. Nd4 Nxc5 11. Bxc4 Bxc3 12. Bxc3 Nce4 13. Bb4 a5 14. Bd2 Nxd2 15. Kxd2 Bd7 16. f3 Ke7 17. Rac1 Rhc8 18. e4 Ne8 19. e5 Rc5 20. f4 Rd8 21. Be2 Rd5 22. Ke3 g5 23. g3 {½-½ Caruana,F (2782)-Nepomniachtchi,I (2779) SuperUnited Blitz 2023 (8.2)}) 9. Nd4 ({RR} 9. Ng3 Nbd7 10. Bxc4 Nxc5 11. Bd2 Bd7 12. b4 Na4 13. Nxa4 Bxa4 14. Ke2 Rc8 15. Bd3 a6 16. Rac1 Rxc1 17. Rxc1 Kd7 18. f4 h6 19. e4 Be7 20. e5 Nd5 21. Ne4 Bb5 22. g3 g6 23. Be3 h5 {½-½ Sandipan,C (2486)-Akkarakaran,J (2112) 1st Bangalore Int Open 2024 (1.15)}) 9... Nbd7 10. c6 bxc6 $146 ({RR} 10... Nb6 11. g3 bxc6 12. Bg2 Nfd5 13. Nxc6 Bf6 14. Nxd5 exd5 15. O-O Bb7 16. Nd4 O-O 17. Bd2 a5 18. Bc3 Na4 19. Rfd1 Rfd8 20. Nb5 Bxc3 21. Nxc3 Nxc3 22. bxc3 Bc6 23. Rd4 Rab8 24. Rad1 Rb3 25. Rxc4 {1-0 Fiorito,J (2399)-Araz,B (2390) Titled Tue 10th Oct Late 2023 (1)}) ({RR} 10... Ne5 11. Ncb5 O-O 12. Nd6 Ba5+ 13. Bd2 c3 14. Bxc3 Bxc3+ 15. bxc3 Nxc6 16. Nxc6 bxc6 17. O-O-O Rd8 18. Be2 Kf8 19. Rd2 Rb8 20. Rhd1 Rb3 21. Nc4 Rxd2 22. Nxd2 Rxc3+ 23. Kb2 Rc5 24. e4 Ke7 25. f4 {½-½ Aleksandrov,A (2595)-Tunik,G (2480) Chigorin Memorial 06th 1998 (7)}) 11. Nxc6 Bb7 12. Nxd8 Rxd8 13. Bxc4 Bxg2 14. Rg1 Bf3 15. Rg5 Ng4 16. h3 Nge5 17. Bb5 O-O 18. e4 f6 19. Rg3 Nc5 20. Be3 Nb3 21. Rb1 Nd4 22. Ba4 h5 23. h4 f5 24. Bh6 Bg4 25. Bg5 Ndf3+ 26. Kf1 Nxg5 27. hxg5 f4 28. Rg1 Nf3 29. Bb5 Bh3+ 30. Ke2 Nd4+ 31. Ke1 Nc2+ 32. Ke2 f3# 0-1

[Event "Olympiad Women 2024"]
[Site "Budapest HUN"]
[Date "2024.09.13"]
[Round "3.1"]
[Board "4"]
[White "Vantika, Agrawal"]
[Black "Manko, Mariia"]
[Result "1-0"]
[WhiteElo "2370"]
[BlackElo "2159"]
[PlyCount "95"]
[EventDate "2024.09.11"]
[WhiteTeam "India"]
[BlackTeam "Switzerland"]
[WhiteTeamCountry "IND"]
[BlackTeamCountry "SUI"]

1. d4 d5 2. c4 e6 3. Nf3 Nf6 4. g3 dxc4 5. Bg2 c5 6. O-O Nc6 7. Ne5 Bd7 8. Nxc4 cxd4 9. Bf4 Nd5 10. Nd6+ Bxd6 11. Bxd6 Nde7 12. Nd2 O-O 13. Qb3 b6 ({RR} 13... Bc8 14. Nc4 Qd7 15. Bxc6 bxc6 16. Qa3 Re8 17. Ne5 Qb7 18. Rac1 f6 19. Bxe7 Qxe7 20. Qxe7 Rxe7 21. Nxc6 Rd7 22. Rfd1 e5 23. f4 Bb7 24. fxe5 Bxc6 25. Rxc6 fxe5 26. Re6 Rb8 27. b3 Rb5 28. Rf1 {½-½ Smirnov,P (2530)-Khokhlova,D (2127) ch-Moscow Open Superfinal 2024 (1.8)}) 14. Rac1 ({RR} 14. Nc4 Rc8 15. Qa3 b5 16. Nd2 b4 17. Qa6 e5 18. Rac1 Be6 19. Bxe7 Nxe7 20. Qxa7 Nd5 21. Rc5 Qb6 22. Qxb6 Nxb6 23. Rb5 Rc2 24. Nf3 Nd7 25. Rxb4 Bxa2 26. Re1 Be6 27. h3 f6 28. e3 d3 {½-½ Caruana,F (2828)-So,W (2762) USA-ch 63rd Saint Louis 2019 (8)}) 14... Rc8 15. Ba3 $146 ({RR} 15. Qa3 Re8 16. Rc2 Nf5 17. Rfc1 Nxd6 18. Qxd6 Qe7 19. Ne4 f5 20. Qxe7 Nxe7 21. Nd6 Rxc2 22. Rxc2 Rd8 23. Rc7 Ba4 24. Rxa7 Rxd6 25. Rxa4 e5 26. Bb7 e4 27. Kf1 b5 28. Ra6 Rxa6 29. Bxa6 b4 {½-½ Khalifman,A (2505)-Van der Sterren,P (2470) Dordrecht 1988}) ({RR} 15. Nc4 Re8 16. Bf4 Nf5 17. g4 Nh4 18. Nd6 Nxg2 19. Kxg2 Na5 20. Qd3 Rxc1 21. Rxc1 Re7 22. b4 e5 23. bxa5 exf4 24. Qxd4 Bxg4 25. Qxf4 h5 26. a6 f6 27. e4 Re5 28. Qd2 Kh7 29. f3 Be6 {0-1 Pajkovic,V (2423)-Kosic,D (2512) MNT-chT Cetinje 2010 (1)}) 15... Re8 16. Ne4 Nf5 17. g4 Nh4 18. Nd6 Nxg2 19. Kxg2 Na5 20. Qf3 Bc6 21. Rxc6 Nxc6 22. Qxf7+ Kh8 23. Qxe8+ Qxe8 24. Nxe8 Rxe8 25. Rc1 Ne5 26. Kg3 Kg8 27. Rc7 a5 28. Kf4 Nf7 29. Ke4 e5 30. h4 Nh8 31. h5 Nf7 32. Be7 h6 33. f3 Kh7 34. Kd5 Kg8 35. a4 Rb8 36. Ke6 Ra8 37. Rb7 Re8 38. Kd7 Ra8 39. Ke6 Re8 40. Rxb6 Rc8 41. Ra6 Ng5+ 42. Bxg5 hxg5 43. Kxe5 Re8+ 44. Kxd4 Rxe2 45. Rxa5 Rxb2 46. Rxg5 Rb4+ 47. Ke3 Rxa4 48. h6 1-0

[Event "Olympiad Women 2024"]
[Site "Budapest HUN"]
[Date "2024.09.13"]
[Round "3.2"]
[Board "1"]
[White "Gaal, Zsoka"]
[Black "Khamdamova, Afruza"]
[Result "0-1"]
[WhiteElo "2385"]
[BlackElo "2313"]
[PlyCount "80"]
[EventDate "2024.09.11"]
[WhiteTeam "Hungary"]
[BlackTeam "Uzbekistan"]
[WhiteTeamCountry "HUN"]
[BlackTeamCountry "UZB"]

1. d4 Nf6 2. c4 e6 3. Nc3 d5 4. cxd5 exd5 5. Bg5 c6 6. e3 h6 7. Bh4 Be7 8. Bd3 O-O 9. Qc2 Re8 10. Nf3 Ne4 11. Bxe7 Qxe7 12. O-O Nd7 13. Rae1 Ndf6 14. Ne5 Bf5 ({RR} 14... Nxc3 15. bxc3 c5 16. Qb2 g6 17. f3 Qc7 18. e4 c4 19. Bb1 Be6 20. Qd2 Kg7 21. exd5 Bxd5 22. Qc2 Kh8 23. Qd2 Kg7 24. h4 Rg8 25. Qf4 Nh5 26. Qh2 Nf6 27. g4 Rae8 28. Qg3 Nd7 29. f4 {1-0 Mihajlov,S (2094)-Lien,S (1885) Fagernes GM Open 2024 (6.44)}) 15. f3 Nxc3 16. Bxf5 ({RR} 16. bxc3 Bxd3 17. Nxd3 Qd6 18. Re2 Re7 19. Rfe1 Rae8 20. c4 b6 21. c5 Qc7 22. a4 Re6 23. Qc3 g5 24. Nb4 Rc8 25. Rc1 Qe7 26. Qd2 Nd7 27. cxb6 Nxb6 28. e4 dxe4 29. a5 e3 30. Qe1 Qd7 {1-0 Caruana,F (2764)-So,W (2760) 11th Norway Armageddon 2023 (8.5)}) 16... Nxa2 $146 ({RR} 16... Nb5 17. Bd3 Nc7 18. Qb3 Ne6 19. Bb1 g6 20. f4 Kg7 21. f5 Nf8 22. fxg6 Nxg6 23. Bxg6 fxg6 24. Qd3 Ne4 25. Rf7+ Qxf7 26. Nxf7 Kxf7 27. Rf1+ Kg7 28. Qa3 Nd2 29. Rf4 Ne4 30. Qb4 b6 31. h4 {1-0 Wenning,A (2033)-Burke,A (1724) Lingen op 4th 2012 (5)}) ({RR} 16... Nb5 17. Bd3 Nd6 18. Qf2 c5 19. dxc5 Qxe5 20. cxd6 Qxd6 21. Re2 Rac8 22. Rfe1 Rc7 23. g3 Rce7 24. Kg2 a6 25. a3 Nd7 26. Rd2 Ne5 27. Red1 Qf6 28. Bf1 Nc6 29. Rxd5 Rxe3 30. Rd6 Qf5 31. Bd3 {0-1 Rustemov,A (2525)-Jacobson,B (2492) Titled Tuesday intern op 12th Oct blitz 2021 (5)}) 17. Qf2 Nb4 18. Rc1 Na6 19. g4 Nb8 20. f4 Ne4 21. Bxe4 dxe4 22. g5 h5 23. g6 fxg6 24. Nxg6 Qd6 25. Ne5 Nd7 26. Qg2 Nxe5 27. fxe5 Qe6 28. Qxe4 Rf8 29. Kh1 Rxf1+ 30. Rxf1 Rf8 31. Rf4 Qd5 32. Qxd5+ cxd5 33. h4 a5 34. Kg2 b5 35. Kg3 a4 36. e6 Rxf4 37. Kxf4 b4 38. Ke5 Kf8 39. e4 a3 40. Kd6 Ke8 0-1

[Event "Olympiad Women 2024"]
[Site "Budapest HUN"]
[Date "2024.09.13"]
[Round "3.2"]
[Board "2"]
[White "Yakubbaeva, Nilufar"]
[Black "Hoang, Thanh Trang"]
[Result "0-1"]
[WhiteElo "2248"]
[BlackElo "2351"]
[PlyCount "72"]
[EventDate "2024.09.11"]
[WhiteTeam "Uzbekistan"]
[BlackTeam "Hungary"]
[WhiteTeamCountry "UZB"]
[BlackTeamCountry "HUN"]

1. d4 f5 2. c4 Nf6 3. Nc3 g6 4. h4 d6 5. h5 Rg8 ({RR} 5... Nxh5 6. Rxh5 gxh5 7. e4 Be6 8. Be2 Bf7 9. Bxh5 Bxh5 10. Qxh5+ Kd7 11. Nf3 Qe8 12. Qh3 Bg7 13. exf5 Bf6 14. Bh6 Nc6 15. O-O-O Qf7 16. b3 a5 17. a4 Rag8 18. g4 Kd8 19. Nd5 e6 20. fxe6 {0-1 Topalov,V (2786)-Polgar,J (2686) Mexico City UNAM KO rapid 2010 (2.3)}) ({RR} 5... Nxh5 6. Rxh5 gxh5 7. e4 e6 8. Qxh5+ Kd7 9. exf5 Qf6 10. fxe6+ Qxe6+ 11. Be2 Qe8 12. Qh2 Nc6 13. Be3 Kd8 14. O-O-O Bf5 15. c5 Kc8 16. d5 Nb4 17. c6 Bg7 18. cxb7+ Kxb7 19. a3 Nc2 20. Kd2 {½-½ Gavrilov,M (2167)-Sturt,R (2459) Titled Tue 6th Feb Early 2024 (3)}) ({RR} 5... Nxh5 6. e4 Nf6 7. Bd3 Nc6 8. exf5 Bxf5 9. Bxf5 gxf5 10. Bg5 Bg7 11. Bxf6 Bxf6 12. Qh5+ Kd7 13. Nd5 Bxd4 14. Qxf5+ e6 15. Rxh7+ Ne7 16. Qh3 Rxh7 17. Qxh7 exd5 18. Qh3+ Kc6 19. O-O-O Qh8 20. Qb3 {0-1 Burnett,R (2442)-Hoang,T (2445) Elekes Memorial GM 28th 2003 (11)}) 6. hxg6 hxg6 7. Nf3 Bg7 8. Qc2 $146 ({RR} 8. Nh4 Bf8 9. Bg5 Be6 10. e3 Bf7 11. Qc2 Bg7 12. O-O-O Nc6 13. d5 Ne5 14. e4 Nh7 15. Be3 fxe4 16. c5 Nd3+ 17. Kb1 dxc5 18. Qa4+ Qd7 19. Qxe4 Bxc3 20. Qxd3 Bh8 21. g3 Nf6 22. Bh3 Qa4 {0-1 Emodi,G (2339)-Gara,A (2312) HUN-chT 0809 2008 (2)}) 8... Nc6 9. d5 Ne5 10. Ng5 c6 11. e3 Bd7 12. Qb3 Qc7 13. Bd2 Rh8 14. Rxh8+ Bxh8 15. Rc1 Qb6 16. Qa3 Rc8 17. Na4 Qc7 18. Be2 Nf7 19. Nxf7 Kxf7 20. f3 Bg7 21. Kf2 Qb8 22. Nc3 cxd5 23. cxd5 b5 24. b4 Qb6 25. Bd3 a6 26. Qb3 e5 27. Ke2 Bh6 28. Rh1 Nh5 29. Kd1 Bxe3 30. g4 Bxd2 31. Kxd2 Qf2+ 32. Ne2 fxg4 33. fxg4 Bxg4 34. Qb1 Bxe2 35. Bxe2 Nf4 36. Qe4 Nxe2 0-1

[Event "Olympiad Women 2024"]
[Site "Budapest HUN"]
[Date "2024.09.13"]
[Round "3.2"]
[Board "3"]
[White "Terbe, Julianna"]
[Black "Omonova, Umida"]
[Result "0-1"]
[WhiteElo "2245"]
[BlackElo "2032"]
[PlyCount "56"]
[EventDate "2024.09.11"]
[WhiteTeam "Hungary"]
[BlackTeam "Uzbekistan"]
[WhiteTeamCountry "HUN"]
[BlackTeamCountry "UZB"]

1. d4 d5 2. c4 dxc4 3. Nf3 Nf6 4. e3 e6 5. Bxc4 a6 6. Bb3 b5 7. O-O Bb7 8. Nc3 c5 9. Qe2 cxd4 10. exd4 Be7 11. Bg5 O-O 12. Rad1 b4 13. Na4 Nbd7 14. Ne5 Nxe5 15. dxe5 Nd5 16. Bxe7 $146 ({RR} 16. Bxd5 Bxd5 17. Bxe7 Qxe7 18. Qe3 Qb7 19. f3 Rfd8 20. b3 Rac8 21. Rd2 Bc6 22. Nb6 Rb8 23. Rxd8+ Rxd8 24. Qc5 Bb5 25. Rc1 h5 26. Nc8 Rd2 27. h3 Bd7 28. Nd6 Qd5 29. Qxb4 Rxa2 30. Qf4 Qxb3 {1-0 Kotov,A-Fuster,G Match/City Moscow-Budapest 87-41  1949 (14)}) ({RR} 16. Nc5 Bc6 17. Bxe7 Qxe7 18. Nd3 Rfd8 19. Qg4 Bb5 20. Rfe1 a5 21. h4 Nc3 22. bxc3 Bxd3 23. cxb4 a4 24. Bc4 h5 25. Qf4 Qxb4 26. Rc1 Bxc4 27. Qxc4 Qxc4 28. Rxc4 Rd2 29. a3 Rd3 30. Re3 Rxe3 {½-½ Kavutskiy,K (2225)-Ulrich,T (2093) Los Angeles Metropolitan op 1st 2011 (3)}) 16... Qxe7 17. Qg4 Rad8 18. Rd3 h5 19. Qc4 Qg5 20. f4 Qh6 21. Rh3 Rc8 22. Qd4 Rfd8 23. Qf2 Qg6 24. Rg3 Qe4 25. Bxd5 Rxd5 26. Re1 Qc2 27. Nb6 Rd2 28. Qf1 Qc5+ 0-1

[Event "Olympiad Women 2024"]
[Site "Budapest HUN"]
[Date "2024.09.13"]
[Round "3.2"]
[Board "4"]
[White "Malikova, Marjona"]
[Black "Papp, Petra"]
[Result "1/2-1/2"]
[WhiteElo "2083"]
[BlackElo "2259"]
[PlyCount "60"]
[EventDate "2024.09.11"]
[WhiteTeam "Uzbekistan"]
[BlackTeam "Hungary"]
[WhiteTeamCountry "UZB"]
[BlackTeamCountry "HUN"]

1. d4 Nf6 2. Nf3 g6 3. g3 Bg7 4. Bg2 O-O 5. c4 d6 6. O-O Nc6 7. Nc3 e5 8. d5 Nb8 9. c5 Ne8 ({RR} 9... Na6 10. cxd6 cxd6 11. e4 b5 12. a3 Nc5 13. Re1 a5 14. Bg5 Bd7 15. b4 axb4 16. axb4 Rxa1 17. Qxa1 Na4 18. Bf1 Qb8 19. Nxa4 bxa4 20. b5 Qa7 21. Bxf6 Bxf6 22. Qa3 Bd8 23. Qxd6 Bb6 24. Re2 {1-0 Caruana,F (2795)-Vachier Lagrave,M (2788) chess.com gf blitz 5m+2spm 2016 (5)}) ({RR} 9... Na6 10. cxd6 cxd6 11. Nd2 Bd7 12. b3 b5 13. Bb2 Qe7 14. a3 Rfc8 15. b4 e4 16. e3 Ng4 17. Rc1 f5 18. Qb3 Ne5 19. Ne2 Rxc1 20. Nxc1 Rc8 21. Ne2 Nc7 22. Bd4 Qf7 23. Bxa7 Nxd5 24. Bd4 {1-0 Gagunashvili,M (2562)-Kiladze,L (2179) 83rd ch-GEO 2024 (5.5)}) 10. cxd6 cxd6 11. Nd2 $146 ({RR} 11. e4 f5 12. exf5 gxf5 13. Ng5 Nc7 14. f4 e4 15. Be3 h6 16. Nh3 Nd7 17. Nf2 Nf6 18. h3 Qe8 19. g4 Qf7 20. gxf5 Ncxd5 21. Nxd5 Nxd5 22. Re1 Bxf5 23. Nxe4 Bxe4 24. Bxe4 Nxe3 25. Rxe3 Qxf4 {½-½ Hausrath,D (2310)-Irzhanov,R Wch U16 Duisburg 1992 (3)}) ({RR} 11. Bg5 f6 12. Bd2 f5 13. Ng5 Nc7 14. Qb3 Kh8 15. Nb5 h6 16. Nxc7 Qxc7 17. Rac1 Qe7 18. Ne6 Bxe6 19. dxe6 e4 20. f3 Nc6 21. Bc3 exf3 22. Bxf3 Nd4 23. Bxd4 Bxd4+ 24. Kh1 Bb6 25. Bd5 Kh7 {1-0 Li,X (2146)-Dong,N (1854) CHN Team (Women) 2017 (5.5)}) 11... f5 12. a4 Nd7 13. Nc4 f4 14. Bd2 Nb6 15. Na3 g5 16. a5 Nd7 17. Nc4 Ndf6 18. Nb5 Rf7 19. e3 Bg4 20. f3 Bf5 21. e4 Bc8 22. g4 h5 23. h3 Bf8 24. Bb4 Rh7 25. Rf2 hxg4 26. hxg4 Qd7 27. Qa4 Rh6 28. Rc2 Nxg4 29. fxg4 Qxg4 30. Nbxd6 Nxd6 1/2-1/2

[Event "Olympiad Women 2024"]
[Site "Budapest HUN"]
[Date "2024.09.13"]
[Round "3.3"]
[Board "1"]
[White "Dzagnidze, Nana"]
[Black "Bulmaga, Irina"]
[Result "1-0"]
[WhiteElo "2508"]
[BlackElo "2406"]
[PlyCount "113"]
[EventDate "2024.09.11"]
[WhiteTeam "Georgia"]
[BlackTeam "Romania"]
[WhiteTeamCountry "GEO"]
[BlackTeamCountry "ROU"]

1. Nf3 Nf6 2. c4 e6 3. b3 d5 4. Bb2 b6 5. cxd5 exd5 6. e3 Bd6 7. Bb5+ c6 8. Be2 O-O 9. O-O Re8 10. Nc3 Bb7 $146 ({RR} 10... Nbd7 11. Rc1 Ne5 12. Nxe5 Bxe5 13. Na4 Qd6 14. Bxe5 Rxe5 15. d4 Rg5 16. f4 Rg6 17. Bd3 Rh6 18. h3 Bd7 19. Qf3 Re8 20. Nc3 Qe7 21. Rfe1 Ne4 22. Bxe4 dxe4 23. Qf2 Qd6 24. Kh2 Kh8 25. Ne2 {1-0 Timofeev,A (2572)-Bellahcene,B (2512) Wch Blitz Warsaw 2021 (17)}) 11. Rc1 Nbd7 12. Qc2 Rc8 13. Rfd1 Ne5 14. d4 Nxf3+ 15. Bxf3 Qe7 16. g3 h5 17. Re1 c5 18. dxc5 bxc5 19. Red1 d4 20. Bxb7 Qxb7 21. exd4 cxd4 22. Rxd4 Be5 23. Rd3 Ne4 24. Qd1 Bxc3 25. Bxc3 Nxc3 26. Rdxc3 Rxc3 27. Rxc3 g6 28. Rd3 Qb4 29. Kg2 Qa5 30. Qd2 Qf5 31. Rd4 Qe6 32. Qd3 Kh7 33. Rd6 Qe1 34. Qd4 Kg8 35. Qd5 Qe4+ 36. Qxe4 Rxe4 37. Ra6 Re7 38. Kf3 Kf8 39. h4 Kg7 40. b4 Rb7 41. a3 Re7 42. b5 Rb7 43. a4 Re7 44. Kf4 Kh7 45. Rc6 Kg7 46. f3 Kh7 47. a5 Kg7 48. b6 axb6 49. axb6 Re1 50. b7 Rb1 51. Rc7 Kf6 52. Ke4 Ke6 53. Kd4 f6 54. Kc5 Kf5 55. Kc6 g5 56. Rc8 gxh4 57. gxh4 1-0

[Event "Olympiad Women 2024"]
[Site "Budapest HUN"]
[Date "2024.09.13"]
[Round "3.3"]
[Board "2"]
[White "Sandu, Mihaela"]
[Black "Javakhishvili, Lela"]
[Result "1-0"]
[WhiteElo "2248"]
[BlackElo "2446"]
[PlyCount "105"]
[EventDate "2024.09.11"]
[WhiteTeam "Romania"]
[BlackTeam "Georgia"]
[WhiteTeamCountry "ROU"]
[BlackTeamCountry "GEO"]

1. e4 d6 2. d4 Nf6 3. Nc3 g6 4. Nf3 Bg7 5. Be2 O-O 6. O-O a6 7. a4 Nc6 8. d5 Nb4 9. h3 ({RR} 9. a5 e6 10. Ra4 c5 11. dxc6 Nxc6 12. Bf4 Ne8 13. e5 d5 14. Qd2 Qc7 15. h4 Nxe5 16. h5 Nxf3+ 17. Bxf3 Be5 18. Bxe5 Qxe5 19. Re1 Qg7 20. h6 Qf6 21. Bxd5 Nd6 22. Ne4 Nxe4 23. Bxe4 e5 {1-0 Carlsen,M (2839)-Nepomniachtchi,I (2771) chess.com SpeedChess 2023 (2.21)}) 9... e6 10. dxe6 Bxe6 11. Be3 $146 ({RR} 11. Nd4 Bd7 12. Bc4 c5 13. Nf3 b5 14. axb5 axb5 15. Rxa8 Qxa8 16. Bxb5 Bxb5 17. Nxb5 Nxe4 18. c3 Nd5 19. Re1 Nb6 20. Qe2 f5 21. Nxd6 Nxd6 22. Qe6+ Kh8 23. Qxd6 Na4 24. Ng5 Re8 25. Re7 Rxe7 {1-0 Danilenko,D (2398)-Morozov,N (2147) Chebanenco Memorial 2014 (8)}) ({RR} 11. Nd4 Bd7 12. Bf4 Re8 13. Bf3 Nc6 14. Be3 Ne5 15. Be2 c5 16. Nf3 Nxf3+ 17. Bxf3 Bc6 18. Qd3 Re6 19. Nd5 Nd7 20. Nf4 Re8 21. Qxd6 Bxb2 22. Rab1 Bg7 23. Rfd1 Rb8 24. Bg4 Bf8 25. Qd2 Nf6 {0-1 Birkisson,B (2169)-Gretarsson,H (2468) ch-ISL 2024 Mosfellsbaer ISL (1.3)}) 11... Re8 12. Ng5 Bd7 13. Bc4 d5 14. exd5 h6 15. Nf3 Bf5 16. Bb3 Qd7 17. Bc5 a5 18. Nd4 Rad8 19. Qf3 Ne4 20. Nxf5 Nxc5 21. Nxg7 Kxg7 22. Bc4 Nxc2 23. Rad1 Qf5 24. Qxf5 gxf5 25. Nb5 Rd7 26. Rc1 Nb4 27. Nd4 Ncd3 28. Rc3 Nxb2 29. Nxf5+ Kf6 30. Nxh6 Nxc4 31. Rxc4 Nxd5 32. Ng4+ Kg7 33. Rd1 c6 34. Rc5 Ra8 35. Ne3 Nb6 36. Ra1 Kf8 37. Ra3 Rd4 38. Rb3 Rb4 39. Rd3 Rxa4 40. Rh5 Re8 41. Nf5 Re1+ 42. Kh2 f6 43. Rd8+ Kf7 44. g4 Re8 45. Rh7+ Kg8 46. Rg7+ Kf8 47. Rd6 Nd5 48. Rxb7 Ra2 49. Kg3 Rae2 50. Rxc6 R2e5 51. Ra6 Rc8 52. Raa7 Re6 53. Rh7 1-0

[Event "Olympiad Women 2024"]
[Site "Budapest HUN"]
[Date "2024.09.13"]
[Round "3.3"]
[Board "3"]
[White "Batsiashvili, Nino"]
[Black "Voicu-Jagodzinsky, Carmen"]
[Result "1-0"]
[WhiteElo "2461"]
[BlackElo "2271"]
[PlyCount "97"]
[EventDate "2024.09.11"]
[WhiteTeam "Georgia"]
[BlackTeam "Romania"]
[WhiteTeamCountry "GEO"]
[BlackTeamCountry "ROU"]

1. d4 Nf6 2. c4 c5 3. d5 e6 4. Nc3 exd5 5. cxd5 d6 6. e4 g6 7. f4 Bg7 8. Bb5+ Nfd7 9. a4 Na6 10. Nf3 Nb4 11. O-O a6 12. Be2 O-O 13. Be3 Nf6 ({RR} 13... Re8 14. Bf2 Nf6 15. Bd3 Bg4 16. Re1 Nh5 17. h3 Bxf3 18. Qxf3 Nxd3 19. Qxd3 Nxf4 20. Qf3 Nh5 21. Rf1 Qf6 22. Qd3 Qg5 23. Qf3 Qf4 24. Qxf4 Nxf4 25. Bg3 Bxc3 26. Bxf4 Bxb2 27. Rab1 Be5 28. Rxb7 {1-0 Anishka,V (1849)-Palencia,W (2184) Titled Tue 10th Sep Late 2024 (1)}) 14. Nd2 Re8 ({RR} 14... Rb8 15. Kh1 b5 16. axb5 axb5 17. Bg1 c4 18. Ra7 Na6 19. b3 b4 20. Ncb1 c3 21. Bxa6 Bxa6 22. Rxa6 Re8 23. Qf3 Rc8 24. Rc6 Qd7 25. Rxc8 Qxc8 26. Rc1 c2 27. h3 cxb1=Q 28. Rxc8 Qa1 29. Rxe8+ {½-½ rofChade 3.0 (3486)-LCZero 0.30-dag-bord-lf_78496 (3589) TCEC 23 Premier 2022 (32.3)}) 15. Bf2 Nd7 $146 ({RR} 15... b6 16. Bf3 Nd3 17. Bg3 Nd7 18. Qc2 Nb4 19. Qb3 h5 20. h4 Bf6 21. f5 Ne5 22. Nc4 Nxc4 23. Qxc4 Bxh4 24. Bf4 Bf6 25. Rad1 b5 26. axb5 axb5 27. Qe2 Bd4+ 28. Be3 Nc2 29. Bxd4 Nxd4 30. Qf2 {½-½ Pour Agha Bala,A (2430)-Gabrielian,A (2464) Titled Tuesday intern op 16th Nov blitz 2021 (9)}) 16. Kh1 Bd4 17. Nc4 Bxf2 18. Rxf2 Nb6 19. Nxb6 Qxb6 20. Bc4 Qd8 21. Qf3 b6 22. e5 Ra7 23. Re1 Bf5 24. g4 Bc2 25. b3 Qh4 26. Rfe2 h5 27. gxh5 Bf5 28. hxg6 fxg6 29. Qg3 Qxg3 30. hxg3 Rh7+ 31. Rh2 Nc2 32. Rxh7 Kxh7 33. Re2 Kg7 34. exd6 Ne3 35. Kg1 Bg4 36. Re1 Bd7 37. Bxa6 Kf7 38. Bb5 Bxb5 39. Nxb5 Nxd5 40. Rxe8 Kxe8 41. Nc7+ Nxc7 42. dxc7 Kd7 43. Kf2 Kxc7 44. Ke3 Kd6 45. Ke4 Ke6 46. g4 Kd6 47. f5 g5 48. Kd3 Kd5 49. Kc3 1-0